[Event "RSA-ch"]
[Site "Cape Town"]
[Date "2019.12.13"]
[Round "7"]
[White "Pon, Matt"]
[Black "James, Michael"]
[Result "1-0"]
[WhiteElo "2189"]
[BlackElo "1929"]
[PlyCount "61"]
[EventDate "2019.12.07"]
[EventType "tourn"]
[EventRounds "11"]
[EventCountry "RSA"]
[SourceTitle "CBM 193 Extra"]
[Source "ChessBase"]
[SourceDate "2020.01.31"]
[SourceVersion "1"]
[SourceVersionDate "2020.01.31"]
[SourceQuality "1"]

1. e4 c5 2. Nf3 e6 3. d3 d5 4. Nbd2 Nf6 5. g3 b6 6. Bg2 Bb7 7. 0-0 Be7 8. Re1 h6 9. Qe2 Qc7 10. h4 Nc6 11. Nf1 dxe4 12. dxe4 0-0-0 13. c3 Rdg8 14. Bf4 e5 15. Bd2 Nd8 16. Qc4 Ne6 17. a4 g5 18. hxg5 hxg5 19. a5 Bd8 20. axb6 axb6 21. Ra7 Nf4 22. Bxf4 gxf4 23. Rea1 Nh5 24. Ra8+ Bxa8 25. Rxa8+ Kb7 26. Qd5+ Qc6 27. Rb8+ Kxb8 28. Qxc6 Bc7 29. Nxe5 Bxe5 30. Qxb6+ Kc8 31. Bh3+ 1-0

[Event "RSA-ch"]
[Site "Cape Town"]
[Date "2019.12.11"]
[Round "5"]
[White "Barrish, Daniel"]
[Black "James, Michael"]
[Result "0-1"]
[WhiteElo "2363"]
[BlackElo "1929"]
[PlyCount "72"]
[EventDate "2019.12.07"]
[EventType "tourn"]
[EventRounds "11"]
[EventCountry "RSA"]
[SourceTitle "CBM 193 Extra"]
[Source "ChessBase"]
[SourceDate "2020.01.31"]
[SourceVersion "1"]
[SourceVersionDate "2020.01.31"]
[SourceQuality "1"]

1. d4 Nf6 2. c4 e6 3. Nc3 c5 4. d5 exd5 5. cxd5 d6 6. Nf3 g6 7. Bf4 a6 8. a4 Bg7 9. h3 0-0 10. e3 Nh5 11. Bh2 f5 12. Nd2 f4 13. e4 Qg5 14. Nc4 Nd7 15. Qg4 Qe7 16. Qe6+ Qxe6 17. dxe6 Ne5 18. e7 Re8 19. Nxd6 Rxe7 20. Nd5 Re6 21. Nxc8 Rxc8 22. Nxf4 Nxf4 23. Bxf4 Rb6 24. Ra2 c4 25. a5 Rd6 26. Be2 Rd4 27. Bxe5 Bxe5 28. 0-0 Rd2 29. Bg4 Rc7 30. Rc1 Kf7 31. Ra4 Rxb2 32. Kf1 c3 33. Bd1 c2 34. Bxc2 Rcxc2 35. Rxc2 Rxc2 36. Rb4 Rb2 0-1

[Event "Johannesburg FASU bltz op 8th"]
[Site "Johannesburg"]
[Date "2016.06.28"]
[Round "3"]
[White "Lekgau, Mothupi"]
[Black "James, Michael"]
[Result "1-0"]
[WhiteElo "1956"]
[BlackElo "2054"]
[PlyCount "93"]
[EventDate "2016.06.28"]
[EventType "swiss (blitz)"]
[EventRounds "10"]
[EventCountry "RSA"]
[SourceTitle "EXT 2017"]
[Source "ChessBase"]
[SourceDate "2016.10.25"]
[SourceVersion "1"]
[SourceVersionDate "2016.10.25"]
[SourceQuality "1"]

1. e4 c5 2. Nf3 a6 3. d4 cxd4 4. Qxd4 Nc6 5. Qd3 d6 6. Nc3 Nf6 7. Bg5 h6 8. Bxf6 gxf6 9. 0-0-0 e6 10. Kb1 Be7 11. Qe3 b5 12. Nd2 Bb7 13. Nb3 Rc8 14. Be2 Qc7 15. f4 Nb8 16. Rd2 Nd7 17. f5 Ne5 18. fxe6 fxe6 19. Bh5+ Kd7 20. Re2 Nc4 21. Qh3 b4 22. Nd5 Qd8 23. Bf7 f5 24. Bxe6+ Kc6 25. Qxf5 Ne5 26. Qf2 a5 27. Nd4+ Kc5 28. Nf5+ Kb5 29. Nfxe7 Rc5 30. Rd1 Rf8 31. Qe3 Ka6 32. Bf5 Bxd5 33. Nxd5 Kb7 34. Qb3 Rb5 35. Qa4 Rc5 36. Red2 Nc4 37. Rd3 Qg5 38. b3 Ne5 39. Nxb4 Nxd3 40. Nxd3 Rfxf5 41. Nxc5+ Rxc5 42. Rxd6 Rc7 43. Qd4 Qf4 44. Qd5+ Ka7 45. Qxa5+ Kb7 46. Rb6+ Kc8 47. Qf5+ 1-0

[Event "RSA-chT Regions"]
[Site "Cape Town"]
[Date "2016.01.10"]
[Round "7.3"]
[White "James, Michael"]
[Black "Klaasen, Calvin Jong"]
[Result "0-1"]
[WhiteElo "2031"]
[BlackElo "2168"]
[PlyCount "58"]
[EventDate "2016.01.08"]
[EventType "team-swiss"]
[EventRounds "7"]
[EventCountry "RSA"]
[SourceTitle "CBM 170 Extra"]
[Source "ChessBase"]
[SourceDate "2016.02.25"]
[SourceVersion "1"]
[SourceVersionDate "2016.02.25"]
[SourceQuality "1"]
[WhiteTeam "Western Province II"]
[BlackTeam "Western Province"]
[WhiteTeamCountry "RSA"]
[BlackTeamCountry "RSA"]

1. d4 Nf6 2. g3 d5 3. Bg2 g6 4. Nf3 Bg7 5. c4 dxc4 6. Qa4+ Nfd7 7. Qxc4 Nb6 8. Qc2 Nc6 9. 0-0 0-0 10. Rd1 Bg4 11. d5 Nb4 12. Qe4 Bxf3 13. Bxf3 a5 14. Nc3 Na6 15. Be3 Nd7 16. d6 cxd6 17. Qxb7 Nc7 18. Na4 Rb8 19. Qa7 Nb5 20. Qa6 Ne5 21. Bb6 Nxf3+ 22. exf3 Qd7 23. Qxa5 Ra8 24. Qb4 Rfb8 25. Rac1 Nd4 26. b3 Ne2+ 27. Kg2 Nxc1 28. Rxc1 Qb7 29. Rb1 Ra6 0-1

[Event "South African op"]
[Site "Cape Town"]
[Date "2015.07.11"]
[Round "11"]
[White "Takawira, Erick"]
[Black "James, Michael"]
[Result "0-1"]
[WhiteElo "2153"]
[BlackElo "2008"]
[PlyCount "154"]
[EventDate "2015.07.03"]
[EventType "swiss"]
[EventRounds "11"]
[EventCountry "RSA"]
[SourceTitle "CBM 167 Extra"]
[Source "ChessBase"]
[SourceDate "2015.09.14"]
[SourceVersion "1"]
[SourceVersionDate "2015.09.14"]
[SourceQuality "1"]

1. e4 c5 2. Nf3 Nc6 3. d4 cxd4 4. Nxd4 Nf6 5. Nc3 d6 6. Bc4 e6 7. Be3 Be7 8. Bb3 a6 9. Qe2 Nxd4 10. Bxd4 b5 11. 0-0-0 0-0 12. g4 Qc7 13. g5 Nd7 14. h4 Nc5 15. Kb1 Bd7 16. Rdg1 a5 17. g6 fxg6 18. h5 g5 19. h6 g6 20. e5 dxe5 21. Bxe5 Qc6 22. Bd4 Rf5 23. Rd1 Re8 24. Bxc5 Bxc5 25. Ne4 a4 26. Qd3 axb3 27. axb3 Bc8 28. Qc3 Qc7 29. Nf6+ Rxf6 30. Qxf6 Qe7 31. Qe5 Bxf2 32. Rhf1 Bc5 33. Rf6 Be3 34. Rf3 Bf4 35. Qxb5 e5 36. Rfd3 g4 37. Rd7 Bxd7 38. Rxd7 Qf8 39. Rg7+ Kh8 40. Qd7 Bxh6 41. Rf7 Qg8 42. Rxh7+ Qxh7 43. Qxe8+ Qg8 44. Qxe5+ Qg7 45. Qe6 g3 46. Qh3 g5 47. Qxg3 g4 48. b4 Qg5 49. b5 Qf4 50. Qc3+ Bg7 51. Qc8+ Kh7 52. b6 Be5 53. Qd7+ Kg6 54. Qe8+ Kf5 55. Qd7+ Kg5 56. Qd8+ Bf6 57. Qg8+ Kh4 58. Qh7+ Kg3 59. Qd3+ Kg2 60. Qe2+ Kg1 61. b7 Be5 62. Ka2 Bb8 63. Qe1+ Qf1 64. Qe3+ Qf2 65. Qe8 Qa7+ 66. Kb1 Qxb7 67. Qe3+ Kh2 68. Qh6+ Kg3 69. Qe3+ Qf3 70. Qe1+ Kh3 71. Qe6 Bf4 72. c4 Qe3 73. Qf5 Be5 74. Qh7+ Kg2 75. Qc2+ Kf3 76. Qd1+ Qe2 77. Qh1+ Kf2 0-1

[Event "South African op"]
[Site "Cape Town"]
[Date "2015.07.09"]
[Round "9"]
[White "Van Zyl Rudd, Jack"]
[Black "James, Michael"]
[Result "0-1"]
[WhiteElo "1693"]
[BlackElo "2008"]
[PlyCount "92"]
[EventDate "2015.07.03"]
[EventType "swiss"]
[EventRounds "11"]
[EventCountry "RSA"]
[SourceTitle "CBM 167 Extra"]
[Source "ChessBase"]
[SourceDate "2015.09.14"]
[SourceVersion "1"]
[SourceVersionDate "2015.09.14"]
[SourceQuality "1"]

1. d4 Nf6 2. c4 g6 3. Nc3 Bg7 4. e4 0-0 5. Nf3 d6 6. Be2 e5 7. 0-0 Nc6 8. dxe5 dxe5 9. Qxd8 Rxd8 10. Bg5 Re8 11. h3 h6 12. Bxf6 Bxf6 13. Nd5 Bd8 14. Rfe1 Nb8 15. b4 c6 16. Ne3 a5 17. a3 Na6 18. Rab1 axb4 19. axb4 f5 20. Bd3 f4 21. Nf1 c5 22. bxc5 Nxc5 23. Bc2 Ra2 24. Rb5 b6 25. Bb1 Ra4 26. N1d2 Bc7 27. Bc2 Ra2 28. Bb1 Ra3 29. Rb2 Be6 30. Bc2 Rea8 31. Reb1 Rc3 32. Nb3 Rxc4 33. Nxc5 Rxc5 34. Bb3 Bxb3 35. Rxb3 Ra4 36. Rb4 Rxb4 37. Rxb4 Kf7 38. Kf1 g5 39. Ke2 Ke6 40. Kd2 b5 41. Rb2 Kd6 42. Ne1 Ba5+ 43. Ke2 Bxe1 44. Kxe1 Kc6 45. Kd2 Rc4 46. Kd3 Kc5 0-1

[Event "South African op"]
[Site "Cape Town"]
[Date "2015.07.08"]
[Round "8"]
[White "James, Michael"]
[Black "Masango, Spencer"]
[Result "0-1"]
[WhiteElo "2008"]
[BlackElo "2126"]
[PlyCount "96"]
[EventDate "2015.07.03"]
[EventType "swiss"]
[EventRounds "11"]
[EventCountry "RSA"]
[SourceTitle "CBM 167 Extra"]
[Source "ChessBase"]
[SourceDate "2015.09.14"]
[SourceVersion "1"]
[SourceVersionDate "2015.09.14"]
[SourceQuality "1"]

1. e4 e5 2. Nf3 Nc6 3. d4 exd4 4. Nxd4 Nf6 5. Nxc6 bxc6 6. e5 Qe7 7. Qe2 Nd5 8. c4 Nb6 9. Nc3 Bb7 10. h4 0-0-0 11. Bg5 f6 12. exf6 gxf6 13. Qxe7 Bxe7 14. Be3 Bb4 15. 0-0-0 d5 16. c5 Bxc3 17. cxb6 Ba5 18. bxa7 Bb6 19. g3 Ba8 20. Ba6+ Kd7 21. Rhe1 Rde8 22. b4 Kd6 23. Bf4+ Kd7 24. Bd3 Rxe1 25. Rxe1 Bxa7 26. Bf5+ Kd8 27. h5 Bxf2 28. Re2 Bd4 29. Bh6 Bb7 30. Bg7 Re8 31. Rxe8+ Kxe8 32. h6 Kf7 33. a4 Bc3 34. g4 Bxb4 35. Bxh7 Bc8 36. Bf5 Bxf5 37. gxf5 c5 38. Bh8 Kg8 39. Bxf6 c4 40. Kd1 Kh7 41. Bg7 c6 42. Kc2 c5 43. f6 Kg6 44. Bh8 d4 45. h7 d3+ 46. Kd1 Kf7 47. Bg7 c3 48. h8N+ Kg8 0-1

[Event "Witwatersrand USSA Cup"]
[Site "Witwatersrand"]
[Date "2015.04.26"]
[Round "7"]
[White "Lekgau, Mothupi"]
[Black "James, Michael"]
[Result "1/2-1/2"]
[WhiteElo "1883"]
[BlackElo "1971"]
[PlyCount "92"]
[EventDate "2015.04.23"]
[EventType "tourn"]
[EventRounds "9"]
[EventCountry "RSA"]
[SourceTitle "EXT 2016"]
[Source "ChessBase"]
[SourceDate "2015.10.08"]
[SourceVersion "1"]
[SourceVersionDate "2015.10.08"]
[SourceQuality "1"]

1. e4 c5 2. Nf3 Nc6 3. d4 cxd4 4. Nxd4 Nf6 5. Nc3 d6 6. Be2 e6 7. 0-0 a6 8. Bg5 Be7 9. Qd2 Bd7 10. Rfd1 Nxd4 11. Qxd4 Bc6 12. f4 0-0 13. f5 Qa5 14. Bd2 Qe5 15. Qxe5 dxe5 16. fxe6 fxe6 17. Bf3 Bc5+ 18. Kh1 b5 19. a3 a5 20. Bg5 Rfd8 21. Rxd8+ Rxd8 22. Bxf6 gxf6 23. Rd1 Rxd1+ 24. Nxd1 Kg7 25. h3 Kg6 26. Kh2 b4 27. axb4 Bxb4 28. b3 Kf7 29. Kg3 Be1+ 30. Kg4 Kg6 31. h4 f5+ 32. Kh3 fxe4 33. Be2 Bd2 34. g4 e3 35. Nb2 Bc3 36. Nc4 Be4 37. Nxe3 Bd4 38. Nc4 Bxc2 39. Nxa5 Bc3 40. Nb7 e4 41. Nc5 e5 42. h5+ Kf6 43. Kg2 Bd4 44. b4 h6 45. Kf1 Ke7 46. Bc4 Bc3 1/2-1/2

[Event "IECG CP.2008.P.00006 email"]
[Site "IECG email"]
[Date "2008.10.01"]
[Round "?"]
[White "James, Michael"]
[Black "Freeman, Ashley"]
[Result "0-1"]
[WhiteElo "1768"]
[BlackElo "2066"]
[PlyCount "35"]
[EventDate "2008.10.01"]
[EventType "tourn (corr)"]
[EventRounds "6"]
[EventCountry "ARG"]
[SourceTitle "Corr 2024"]
[Source "ChessBase"]
[SourceDate "2023.10.19"]
[SourceVersion "1"]
[SourceVersionDate "2023.10.19"]
[SourceQuality "1"]

1. e4 e5 2. Nf3 Nc6 3. Bb5 a6 4. Ba4 Nf6 5. 0-0 Be7 6. d4 exd4 7. Re1 b5 8. Bb3 d6 9. Bd5 Bb7 10. Nxd4 Nxd5 11. Nxc6 Bxc6 12. exd5 Bb7 13. a4 0-0 14. axb5 axb5 15. Rxa8 Bxa8 16. Qe2 Bg5 17. Qxb5 Bxc1 18. Rxc1 0-1

[Event "IECG QC.2008.0.00093"]
[Site "IECG email"]
[Date "2008.08.21"]
[Round "?"]
[White "James, Michael"]
[Black "Secondi, Alberto"]
[Result "1-0"]
[WhiteElo "1740"]
[BlackElo "1600"]
[PlyCount "30"]
[EventDate "2008.08.21"]
[EventType "tourn (corr)"]
[EventRounds "6"]
[SourceTitle "Corr 2024"]
[Source "ChessBase"]
[SourceDate "2023.10.19"]
[SourceVersion "1"]
[SourceVersionDate "2023.10.19"]
[SourceQuality "1"]

1. e4 d6 2. d4 g6 3. Nc3 Bg7 4. f4 e6 5. Nf3 Ne7 6. Be3 0-0 7. Qd2 c5 8. dxc5 dxc5 9. Bxc5 Qxd2+ 10. Nxd2 Nbc6 11. Bd3 b6 12. Ba3 Re8 13. Nb5 Nd4 14. Nc7 Ndc6 15. Nxe8 Bb7 1-0

[Event "IECG CC.2008.0.00155 email"]
[Site "IECG email"]
[Date "2008.08.06"]
[Round "?"]
[White "James, Michael"]
[Black "Turoczi, Peter"]
[Result "0-1"]
[WhiteElo "1740"]
[BlackElo "1717"]
[PlyCount "46"]
[EventDate "2008.08.06"]
[EventType "tourn (corr)"]
[EventRounds "6"]
[SourceTitle "Corr 2024"]
[Source "ChessBase"]
[SourceDate "2023.10.19"]
[SourceVersion "1"]
[SourceVersionDate "2023.10.19"]
[SourceQuality "1"]

1. e4 e6 2. d4 d5 3. e5 c5 4. c3 Qb6 5. Nf3 Nc6 6. a3 Nge7 7. dxc5 Qc7 8. Be3 Bd7 9. Nd4 Nxe5 10. Nb5 Bxb5 11. Bxb5+ N5c6 12. Qg4 Nf5 13. Bf4 Qe7 14. b4 h5 15. Qe2 a5 16. Ba4 g5 17. Bc1 Bg7 18. Ra2 h4 19. Qg4 h3 20. Bxg5 Bf6 21. Bxf6 hxg2 22. Rg1 Qxf6 23. Rxg2 Ke7 0-1

[Event "IECG TE.2006.S.02304 email"]
[Site "IECG email"]
[Date "2008.03.01"]
[Round "?"]
[White "James, Michael"]
[Black "Pott, Brian"]
[Result "0-1"]
[WhiteElo "1754"]
[BlackElo "2007"]
[PlyCount "66"]
[EventDate "2008.03.01"]
[EventType "tourn (corr)"]
[EventRounds "12"]
[SourceTitle "Corr 2024"]
[Source "ChessBase"]
[SourceDate "2023.10.19"]
[SourceVersion "1"]
[SourceVersionDate "2023.10.19"]
[SourceQuality "1"]

1. e4 c5 2. c3 Nf6 3. d3 Nc6 4. f4 d6 5. h3 e5 6. g4 exf4 7. g5 Nd7 8. Bxf4 Be7 9. Nf3 Nde5 10. Nbd2 0-0 11. d4 Nxf3+ 12. Nxf3 cxd4 13. cxd4 d5 14. e5 Qb6 15. b3 Bf5 16. Kf2 Rac8 17. Kg3 Bb4 18. Be3 Be4 19. Bd3 Ne7 20. Kf2 Rc3 21. Bxe4 dxe4 22. Nd2 Nd5 23. Nc4 Qg6 24. Qg4 b5 25. Rac1 Rd3 26. Rcd1 bxc4 27. Rxd3 cxd3 28. a4 Nxe3 29. Kxe3 h5 30. Qxe4 Qxg5+ 31. Kf3 f6 32. e6 Bd6 33. Qe3 Qf5+ 0-1

[Event "IECG TE.2006.S.02304 email"]
[Site "IECG email"]
[Date "2008.03.01"]
[Round "?"]
[White "Wheeler, James"]
[Black "James, Michael"]
[Result "1/2-1/2"]
[WhiteElo "1988"]
[BlackElo "1754"]
[PlyCount "74"]
[EventDate "2008.03.01"]
[EventType "tourn (corr)"]
[EventRounds "12"]
[SourceTitle "Corr 2024"]
[Source "ChessBase"]
[SourceDate "2023.10.19"]
[SourceVersion "1"]
[SourceVersionDate "2023.10.19"]
[SourceQuality "1"]

1. e4 c5 2. c3 Nf6 3. e5 Nd5 4. Nf3 e6 5. g3 Nc6 6. Bg2 d6 7. exd6 Bxd6 8. 0-0 0-0 9. d4 cxd4 10. Nxd4 Nxd4 11. Qxd4 Qc7 12. Nd2 Bd7 13. Ne4 Be5 14. Qd3 Rad8 15. Ng5 Nf6 16. Nf3 Be8 17. Qe2 Bd6 18. Bg5 Bc6 19. Bxf6 gxf6 20. Rad1 Qa5 21. a3 Bb5 22. c4 Ba4 23. Rd4 Be7 24. Qe3 Qa6 25. b3 Bd7 26. Rfd1 Bc6 27. b4 Qa4 28. Rxd8 Rxd8 29. Rxd8+ Bxd8 30. Qd3 Be7 31. b5 Bxf3 32. Bxf3 Qxa3 33. Qxa3 Bxa3 34. Bxb7 Kg7 35. g4 Kg6 36. Be4+ f5 37. gxf5+ exf5 1/2-1/2

[Event "IECG WC.2012.P.00006 email"]
[Site "IECG email"]
[Date "2008.02.15"]
[Round "?"]
[White "James, Michael"]
[Black "Suarez, Ron"]
[Result "1-0"]
[WhiteElo "1754"]
[BlackElo "1786"]
[PlyCount "90"]
[EventDate "2008.02.15"]
[EventType "tourn (corr)"]
[EventRounds "10"]
[SourceTitle "Corr 2024"]
[Source "ChessBase"]
[SourceDate "2023.10.19"]
[SourceVersion "1"]
[SourceVersionDate "2023.10.19"]
[SourceQuality "1"]

1. e4 e6 2. d4 d5 3. e5 c5 4. c3 Nc6 5. Nf3 Bd7 6. Be2 Nge7 7. 0-0 Rc8 8. dxc5 Ng6 9. b4 a5 10. Qe1 Ncxe5 11. Nxe5 Nxe5 12. Na3 Be7 13. Be3 0-0 14. f4 Ng6 15. Nb5 Bf6 16. Rd1 axb4 17. cxb4 Ra8 18. Qd2 Ra4 19. Rc1 Bxb5 20. Bxb5 Ra3 21. Rfe1 d4 22. Bf2 Qd5 23. Bc4 Qf5 24. Qb2 Rc3 25. g3 Rd8 26. Bf1 Rxc1 27. Qxc1 e5 28. Bg2 d3 29. Qd2 exf4 30. Bxb7 Bg5 31. Qd1 d2 32. Rf1 Ne5 33. Be3 Nc4 34. Bxf4 Bxf4 35. Rxf4 Qd3 36. Rxc4 Qxc4 37. Bf3 Qxb4 38. c6 Qa3 39. Kf2 Rd3 40. Be2 Qc5+ 41. Kf1 Qc1 42. a4 Rd6 43. c7 Qxc7 44. Kg2 Qd8 45. Bf3 Rf6 1-0

[Event "IECG WC.2012.P.00006 email"]
[Site "IECG email"]
[Date "2008.02.15"]
[Round "?"]
[White "Simon, Holger"]
[Black "James, Michael"]
[Result "1-0"]
[WhiteElo "2150"]
[BlackElo "1754"]
[PlyCount "79"]
[EventDate "2008.02.15"]
[EventType "tourn (corr)"]
[EventRounds "10"]
[SourceTitle "Corr 2024"]
[Source "ChessBase"]
[SourceDate "2023.10.19"]
[SourceVersion "1"]
[SourceVersionDate "2023.10.19"]
[SourceQuality "1"]

1. d4 d6 2. c4 Nf6 3. Nc3 e5 4. Nf3 e4 5. Nd2 Bf5 6. e3 c6 7. Be2 Qd7 8. g4 Nxg4 9. Ndxe4 Be7 10. Ng3 Nf6 11. Nxf5 Qxf5 12. Qd3 Qxd3 13. Bxd3 d5 14. Rg1 g6 15. Bd2 Na6 16. Rc1 Bd6 17. f4 Nb4 18. Be2 dxc4 19. e4 Nh5 20. e5 Be7 21. Bxc4 Bh4+ 22. Ke2 Rd8 23. Ne4 Be7 24. Bxb4 Bxb4 25. Ke3 Ng7 26. d5 b5 27. Nf6+ Ke7 28. Bb3 Nf5+ 29. Ke2 Nd4+ 30. Kd3 Nxb3 31. axb3 cxd5 32. Rc7+ Ke6 33. Rgc1 a5 34. Kd4 Kf5 35. Rxf7 Rhf8 36. Rxh7 Bd2 37. Rf1 Bxf4 38. h4 Rc8 39. Nxd5 Kg4 40. e6 1-0

[Event "IECG QC.2008.0.00090"]
[Site "IECG email"]
[Date "2008.01.01"]
[Round "?"]
[White "James, Michael"]
[Black "Samardzija, Djordje"]
[Result "1/2-1/2"]
[WhiteElo "1772"]
[BlackElo "1606"]
[PlyCount "50"]
[EventDate "2008.01.01"]
[EventType "tourn (corr)"]
[EventRounds "6"]
[SourceTitle "Corr 2024"]
[Source "ChessBase"]
[SourceDate "2023.10.19"]
[SourceVersion "1"]
[SourceVersionDate "2023.10.19"]
[SourceQuality "1"]

1. e4 e6 2. d4 d5 3. e5 c5 4. c3 Nc6 5. Nf3 Qb6 6. a3 f6 7. b4 cxd4 8. cxd4 fxe5 9. dxe5 Nh6 10. Bd3 Nf7 11. 0-0 g6 12. Bb2 Bg7 13. Qe2 Bd7 14. b5 Ne7 15. Nbd2 Rc8 16. Bd4 Qc7 17. Nb3 b6 18. Rfc1 Qd8 19. Bc3 0-0 20. Bb4 Re8 21. Re1 Nf5 22. Rad1 Nh4 23. Nbd4 Nxf3+ 24. Nxf3 Ng5 25. Nd4 Nf7 1/2-1/2

[Event "IECG QC.2008.0.00090"]
[Site "IECG email"]
[Date "2008.01.01"]
[Round "?"]
[White "Nemeth, Laszlo"]
[Black "James, Michael"]
[Result "0-1"]
[WhiteElo "1614"]
[BlackElo "1772"]
[PlyCount "46"]
[EventDate "2008.01.01"]
[EventType "tourn (corr)"]
[EventRounds "6"]
[SourceTitle "Corr 2024"]
[Source "ChessBase"]
[SourceDate "2023.10.19"]
[SourceVersion "1"]
[SourceVersionDate "2023.10.19"]
[SourceQuality "1"]

1. d4 d6 2. Nf3 g6 3. c4 Bg7 4. e3 c5 5. Nc3 Bg4 6. Be2 cxd4 7. Nxd4 Bxe2 8. Qxe2 Nf6 9. 0-0 0-0 10. Bd2 Nc6 11. Rad1 d5 12. cxd5 Nxd5 13. Nxc6 bxc6 14. e4 Nxc3 15. Bxc3 Qb6 16. Bxg7 Kxg7 17. Rd2 Rad8 18. Rfd1 e5 19. h3 Rd4 20. b3 Rfd8 21. Kh2 c5 22. Qe3 c4 23. Qc3 Qd6 0-1

[Event "IECG QC.2008.0.00090"]
[Site "IECG email"]
[Date "2008.01.01"]
[Round "?"]
[White "Samardzija, Djordje"]
[Black "James, Michael"]
[Result "1/2-1/2"]
[WhiteElo "1606"]
[BlackElo "1772"]
[PlyCount "35"]
[EventDate "2008.01.01"]
[EventType "tourn (corr)"]
[EventRounds "6"]
[SourceTitle "Corr 2024"]
[Source "ChessBase"]
[SourceDate "2023.10.19"]
[SourceVersion "1"]
[SourceVersionDate "2023.10.19"]
[SourceQuality "1"]

1. e4 d6 2. f4 Nf6 3. Nc3 g6 4. d4 Bg7 5. Nf3 0-0 6. Be2 c5 7. dxc5 Qa5 8. 0-0 Qxc5+ 9. Kh1 Ng4 10. Ng5 Nf2+ 11. Rxf2 Qxf2 12. Nd5 Nc6 13. Be3 Qh4 14. Nf3 Qh5 15. Nd4 Qh4 16. Nf3 Qh5 17. Nd4 Qh4 18. Nf3 1/2-1/2